| 000 | 00720nam a22002177a 4500 | ||
|---|---|---|---|
| 005 | 2010092307327.0 | ||
| 008 | 100923t xxu||||| |||| 00| 0 eng d | ||
| 010 | _aENG-101519 | ||
| 020 |
_a9788128828256 _c100.00 |
||
| 035 | _aEN-85052 | ||
| 037 | _bDBAD/PUB | ||
| 040 |
_adpl _bEnglish |
||
| 082 | _aS | ||
| 100 |
_aModi,Himanshu _921271 |
||
| 245 |
_aMom says get married / _cby Himanshu Modi |
||
| 260 |
_aNew Delhi _bDiamond Pocket Books _c2010 |
||
| 270 |
_aX-30, Okhla Industrial Area, Phase-I, _bNew Delhi _e110020 |
||
| 300 |
_a239p. _c21cm (pbk) |
||
| 942 |
_2ddc _cEN _mMOD _hS |
||
| 999 |
_c47595 _d47595 |
||